[Event "XI Open A"]
[Site "Mislata ESP"]
[Date "2003.08.25"]
[Round "6"]
[White "Alonso,S"]
[Black "Argandona Rivero,I"]
[Result "1/2-1/2"]
[WhiteElo "2474"]
[BlackElo "2350"]

1.e4 e6 2.d4 d5 3.Nc3 Bb4 4.e5 b6 5.a3 Bf8 6.Nf3 Qd7 7.b4 c6 8.Rb1 Bb7 9.Bd3 Ne7
10.O-O h6 11.h4 Na6 12.Ne2 Nc7 13.Nf4 Ba6 14.Bxa6 Nxa6 15.Qd3 b5 16.h5 Nc8
17.g3 Nb6 18.Ng2 O-O-O 19.Nh2 Be7 20.f4 g6 21.hxg6 fxg6 22.Qxg6 Rdg8 23.Qd3 h5
24.Rb3 Nc7 25.Qe2 Kb7 26.Rbf3 Nc4 27.Kh1 Rg4 28.Ne3 Nxe3 29.Bxe3 Bd8 30.Kg2 Qh7
31.Qd3 Qxd3 32.cxd3 Rg7 33.Kh3 Be7 34.Bd2 Rhh7 35.Ra1 Rf7 36.Nf1 Ne8 37.Ne3 Ng7
38.Raf1 Nf5 39.Nxf5 exf5 40.Rh1 Rfg7 41.Kg2 Rg6 42.Rh3 a5 43.Rf1 a4 44.Rfh1 Rgh6
45.Kf1 Bf8 46.R3h2 Kc8 47.Be1 Kd7 48.Ke2 Ke6 49.Bd2 Kd7 50.Rc1 Bg7 51.Rch1 Rh8  1/2-1/2

[Event "XI Open A"]
[Site "Mislata ESP"]
[Date "2003.08.27"]
[Round "8"]
[White "Pavia Miralles,J"]
[Black "Camarena Gimenez,R"]
[Result "0-1"]
[WhiteElo "2309"]
[BlackElo "2368"]

1.e4 e6 2.d4 d5 3.Nc3 Bb4 4.e5 b6 5.Qg4 Bf8 6.Bg5 Ne7 7.h4 h5 8.Qf4 Ba6 9.Nge2 Qd7
10.f3 c5 11.Qe3 Nf5 12.Qf4 Nc6 13.dxc5 Bxc5 14.g4 Ne3 15.Qa4 Nxe5 16.Qxa6 Nxf3+
17.Kf2 Nxg5 18.hxg5 Nxc2+ 19.Kg2 Ne3+ 20.Kf2 Nxg4+ 21.Ke1 Bf2+ 22.Kd1 Ne3+
23.Kd2 Nc4+ 24.Kc2 Rc8 25.Nf4 g6 26.Rc1 O-O 27.Kb1 Be3 28.Nfxd5 exd5 29.Bh3 Qc6
30.Bxc8 Qxc8 31.Qxc8 Rxc8 32.Nxd5 Nd2+  0-1

[Event "1st League TCh-SCG"]
[Site "Budva SCG"]
[Date "2003.08.30"]
[Round "2"]
[White "Kovacevic,A"]
[Black "Drasko,M"]
[Result "1/2-1/2"]
[WhiteElo "2539"]
[BlackElo "2491"]

1.e4 e6 2.d4 d5 3.Nc3 Bb4 4.e5 Ne7 5.a3 Bxc3+ 6.bxc3 c5 7.Qg4 O-O 8.Bd3 Nbc6
9.Qh5 Ng6 10.Nf3 Qc7 11.Be3 Nce7 12.h4 Bd7 13.a4 Rac8 14.Qg4 f5 15.Qh3 cxd4
16.cxd4 h6 17.h5 Nh8 18.Rg1 Qc3+ 19.Ke2 Nc6 20.g3 Nf7 21.Rab1 Ng5  1/2-1/2

[Event "LXXVII ch-ARG"]
[Site "Tres de Febrero ARG"]
[Date "2003.09.07"]
[Round "5"]
[White "Musanti,D"]
[Black "Godoy,C"]
[Result "1-0"]
[WhiteElo "2311"]
[BlackElo "2212"]

1.e4 e6 2.d4 d5 3.Nc3 Bb4 4.e5 Ne7 5.a3 Bxc3+ 6.bxc3 b6 7.Qg4 Ng6 8.h4 h5
9.Qg3 Ba6 10.Bxa6 Nxa6 11.Nf3 Qd7 12.a4 Nb8 13.O-O Nc6 14.Ba3 Nce7 15.Bxe7 Qxe7
16.a5 Kd7 17.Rfe1 b5 18.Ng5 Qe8 19.Qd3 a6 20.g3 Ne7 21.Nh3 Rc8 22.Nf4 Qg8
23.Qf3 Nf5 24.Nxd5 Qh7 25.Ne3 c6 26.Rad1 Ke7 27.c4 Nxe3 28.Qxe3 Rhd8 29.d5 cxd5
30.cxd5 Rxd5 31.Rxd5 exd5 32.e6 Qf5 33.Qa7+ Kf8 34.Qd7  1-0

[Event "Osen I"]
[Site "Alushta UKR"]
[Date "2003.09.16"]
[Round "2"]
[White "Kulaots,K"]
[Black "Sumets,A"]
[Result "1/2-1/2"]
[WhiteElo "2530"]
[BlackElo "2473"]

1.e4 e6 2.d4 d5 3.Nc3 Bb4 4.e5 Ne7 5.a3 Bxc3+ 6.bxc3 c5 7.Qg4 Kf8 8.h4 Qa5
9.Bd2 Qa4 10.h5 h6 11.Rh3 Nbc6 12.Qf4 b6 13.Rf3 Nd8 14.dxc5 Qxf4 15.Rxf4 bxc5
16.Be3 c4 17.Nf3 Ke8 18.Kd2 Ndc6 19.Rg4 Nf5 20.Bc5 Rb8 21.a4 Bd7 22.g3 Rg8
23.Bh3 g5 24.hxg6 fxg6 25.Bg2 g5 26.Bf1 Kf7 27.Be2 a5 28.Ba3 Rh8 29.Nd4 Ncxd4
30.cxd4 Rbg8 31.f4 Nxd4 32.fxg5 Nxe2 33.Rf1+ Ke8 34.g6 h5 35.Rg5 Rg7 36.Kxe2 Bxa4
37.Rf6 Bxc2 38.Rxe6+ Kd7 39.Rd6+ Kc7 40.Rxd5  1/2-1/2

[Event "EYb18"]
[Site "Budva YUG"]
[Date "2003.09.16"]
[Round "4"]
[White "L'Ami,E"]
[Black "Seifert,V"]
[Result "1-0"]
[WhiteElo "2439"]
[BlackElo "2371"]

1.e4 e6 2.d4 d5 3.Nc3 Bb4 4.e5 Ne7 5.a3 Bxc3+ 6.bxc3 c5 7.Qg4 O-O 8.Bd3 Qa5
9.Ne2 cxd4 10.Bg5 Ng6 11.f4 Nd7 12.h4 f5 13.Qh3 Rf7 14.h5 Ngf8 15.g4 fxg4
16.Qxg4 b6 17.Rg1 Ba6 18.Bxa6 Qxa6 19.cxd4 Rc8 20.c3 Qd3 21.Rg3 Qf5 22.a4 Qxg4
23.Rxg4 Nb8 24.Kd2 Nc6 25.Rag1 Rcc7 26.R4g3 Kh8 27.f5 h6 28.fxe6 Nxe6 29.Be3 Na5
30.Kd3 Nc4 31.Bc1 Kh7 32.Rg6 Rf3+ 33.Kc2 Re7 34.Ng3 Rf2+ 35.Kd1 Nf8 36.Rg4 Ref7
37.Ke1 R2f3 38.Ne2 Ne6 39.Rg6 Re7 40.Rf1 Rxf1+ 41.Kxf1 Nf8 42.Rc6 Ne6 43.Kg2 Kg8
44.Ng3 Kf7 45.Nf5 Rc7 46.Rxc4 Rxc4 47.Nd6+ Ke7 48.Nxc4 dxc4 49.d5 Nd8 50.Kf3 a6
51.Ke4 b5 52.axb5 axb5 53.Ba3+ Kf7 54.Kf5  1-0

[Event "ch-IRI"]
[Site "Mashad IRI"]
[Date "2003.09.25"]
[Round "3"]
[White "Mahmoud,P"]
[Black "Ghane,S"]
[Result "0-1"]
[WhiteElo "2297"]
[BlackElo "2374"]

1.e4 e6 2.d4 d5 3.Nc3 Bb4 4.e5 b6 5.a3 Bf8 6.f4 Nh6 7.Be3 Be7 8.Nf3 c5 9.Qd2 Nc6
10.Bb5 Bd7 11.h3 Nf5 12.Bf2 h5 13.O-O-O h4 14.dxc5 bxc5 15.Nxd5 exd5 16.Qxd5 Qc7
17.Bxc5 Rc8 18.Rd2 Be6 19.Qxc6+ Qxc6 20.Bxc6+ Rxc6 21.Bxa7 O-O 22.Nd4 Nxd4
23.Bxd4 Rfc8 24.Rf1 Bf5 25.c3 Ra6 26.Rff2 Rb8 27.Kd1 Rb3 28.Ke1 Rg6 29.Rde2 Kf8
30.Rd2 Ke8 31.Kd1 Rg3 32.Ke2 g5 33.Be3 Be6 34.Kd3 gxf4 35.Rxf4 Bc5 36.Rf3 Rxf3
37.gxf3 Bf5+ 38.Ke2 Be7 39.a4 Bxh3 40.a5 Bc8 41.Bb6 h3 42.Kd1 Bg5 43.f4 Rxb6
44.fxg5 Rb5 45.b4 Bb7 46.Rh2 Bg2 47.Kc2 Kd7  0-1

[Event "Osen II"]
[Site "Alushta UKR"]
[Date "2003.09.29"]
[Round "4"]
[White "Bakre,T"]
[Black "Drozdovskij,Y"]
[Result "1/2-1/2"]
[WhiteElo "2434"]
[BlackElo "2458"]

1.e4 e6 2.d4 d5 3.Nc3 Bb4 4.e5 Ne7 5.a3 Bxc3+ 6.bxc3 b6 7.Qg4 Ng6 8.h4 h5
9.Qg3 Ba6 10.Bd3 Bxd3 11.cxd3 c5 12.Ne2 Nc6 13.Nf4 Nxf4 14.Bxf4 Kf8 15.dxc5 bxc5
16.O-O Rb8 17.a4 Qa5 18.Rfc1 Ne7 19.Rab1 Rb6 20.c4 Qxa4 21.Ra1 Qd7 22.cxd5 Nxd5
23.Rxc5 Kg8 24.Rca5 Rb7 25.Be3 Kh7 26.Rxa7 Rhb8 27.Rxb7 Qxb7 28.Qf3 g6 29.Bc5 Kg8
30.Ra7 Qb1+ 31.Kh2 Rb7 32.Ra8+ Rb8 33.Ra7 Rb7 34.Rxb7 Qxb7 35.Qe4 Qb2 36.Be3 Kg7
37.f3 Kg8 38.Bc5  1/2-1/2

[Event "ECC"]
[Site "Rethymnon GRE"]
[Date "2003.09.30"]
[Round "3"]
[White "Paramonov,D"]
[Black "Nivala,T"]
[Result "1-0"]
[WhiteElo "2354"]
[BlackElo "2196"]

1.e4 e6 2.d4 d5 3.Nc3 Bb4 4.e5 Qd7 5.a3 Bxc3+ 6.bxc3 b6 7.Qg4 f5 8.Qg3 Ba6
9.Bxa6 Nxa6 10.Ne2 Rc8 11.Nf4 Kf7 12.Qd3 Nb8 13.h4 c5 14.Rh3 Ne7 15.Rg3 Qa4
16.Qe2 cxd4 17.cxd4 Qxd4 18.Rxg7+ Ke8 19.Rb1 Kd7 20.Nh5 Rc7 21.Be3 Qc3+ 22.Bd2 Qc4
23.Bb4 Qxe2+ 24.Kxe2 Nc6 25.Bd6 Rb7 26.Nf6+ Kc8 27.h5 f4 28.Nxh7 Nd4+ 29.Kd3 Ndf5
30.Rf7 Nxd6 31.exd6 Nf5 32.Rf8+ Rxf8 33.Nxf8 e5 34.d7+ Kc7 35.Rb5 Rb8 36.d8=Q+ Rxd8
37.Ne6+ Kc6 38.Nxd8+ Kxb5 39.Nf7 e4+ 40.Kd2 e3+ 41.fxe3 fxe3+ 42.Ke1 Kc4
43.h6 Nh4 44.h7 Nxg2+ 45.Ke2 Nf4+ 46.Kxe3 Ng6 47.Ne5+  1-0

[Event "ECC"]
[Site "Rethymnon GRE"]
[Date "2003.10.03"]
[Round "6"]
[White "Zhigalko,A"]
[Black "Kelly,B"]
[Result "1/2-1/2"]
[WhiteElo "2466"]
[BlackElo "2487"]

1.e4 e6 2.d4 d5 3.Nc3 Bb4 4.e5 Ne7 5.a3 Bxc3+ 6.bxc3 b6 7.Qg4 Ng6 8.h4 h5
9.Qd1 Ba6 10.Bxa6 Nxa6 11.Bg5 Qd7 12.Ne2 Qa4 13.O-O Ne7 14.Ng3 g6 15.Qf3 Rh7
16.Rac1 Rc8 17.Rfd1 Nb8 18.Nf1 Nbc6 19.Ne3 Na5 20.Rb1 Nf5 21.Qe2 Kd7 22.Nxf5 gxf5
23.Rd3 c5 24.Rg3 Qc4 25.Qd1 cxd4 26.Rb4 Qc6 27.Rxd4 Rg8 28.Qf3 Rg6 29.Bf6 Kc7
30.Rg5 Rxg5 31.Bxg5 Nc4 32.Qf4 a5 33.Be7 Qd7 34.Qg5 Nxe5 35.Bf6 Nc4 36.Qg8 Rh6
37.Bg5 Rg6 38.Qa8 Qc6 39.Qf8 Qd7 40.Qa8 Qc6 41.Qf8  1/2-1/2

[Event "zt 2.3"]
[Site "Guayaquil ECU"]
[Date "2003.10.08"]
[Round "5"]
[White "Mendoza,Raf"]
[Black "Matamoros Franco,C"]
[Result "1/2-1/2"]
[WhiteElo "2382"]
[BlackElo "2484"]

1.e4 e6 2.d4 d5 3.Nc3 Bb4 4.e5 Ne7 5.Bd2 b6 6.Nf3 Bxc3 7.Bxc3 a5 8.Bd2 Ba6
9.Bxa6 Rxa6 10.O-O O-O 11.Qe2 Ra7  1/2-1/2

[Event "Femida Open"]
[Site "Kharkov UKR"]
[Date "2003.10.12"]
[Round "5"]
[White "Vozovic,O"]
[Black "Kononenko,T"]
[Result "1/2-1/2"]
[WhiteElo "2330"]
[BlackElo "2343"]

1.e4 e6 2.d4 d5 3.Nc3 Bb4 4.e5 Ne7 5.a3 Bxc3+ 6.bxc3 c5 7.Qg4 Kf8 8.Nf3 Qa5
9.Bd2 Qa4 10.c4 Qxc2 11.dxc5 Nbc6 12.Qf4 Qe4+ 13.Qxe4 dxe4 14.Ng5 Nxe5 15.Nxe4 Bd7
16.Bc3 Bc6 17.Bxe5 Bxe4 18.f3  1/2-1/2

[Event "1st Israel Int Op"]
[Site "Ashdod ISR"]
[Date "2003.10.13"]
[Round "3"]
[White "Kudischewitsch,D"]
[Black "Psakhis,L"]
[Result "1/2-1/2"]
[WhiteElo "2413"]
[BlackElo "2549"]

1.d4 e6 2.e4 d5 3.Nc3 Bb4 4.e5 Ne7 5.Bd2 b6 6.Nce2 Bxd2+ 7.Qxd2 Ba6 8.f4 c5
9.c3 Nbc6 10.Nf3 O-O 11.Ng3 Bxf1 12.Nxf1 Nf5 13.Ne3 Nxe3 14.Qxe3 Rc8 15.O-O cxd4
16.cxd4 Qd7 17.Rf2  1/2-1/2

[Event "zt 2.3"]
[Site "Guayaquil ECU"]
[Date "2003.10.13"]
[Round "11"]
[White "Dominguez,L"]
[Black "Matamoros Franco,C"]
[Result "1-0"]
[WhiteElo "2607"]
[BlackElo "2484"]

1.e4 e6 2.d4 d5 3.Nc3 Bb4 4.e5 Ne7 5.a3 Bxc3+ 6.bxc3 c5 7.Qg4 O-O 8.Bd3 Nbc6
9.Qh5 Ng6 10.Nf3 Qc7 11.Be3 Nce7 12.h4 Bd7 13.Qg4 f5 14.Qh3 cxd4 15.cxd4 Bb5
16.Bxb5 Qa5+ 17.Bd2 Qxb5 18.h5 Nh8 19.Bb4 Rfe8 20.Qh4 Qd7 21.Rh3 Rac8 22.Kd1 Rc4
23.Nd2 Rcc8 24.Rg3 Nc6 25.Nb3 Nxb4 26.axb4 b6 27.Nc1 Rc7 28.Rga3 Nf7 29.Nd3 Rec8
30.R1a2 h6 31.Kd2 Ng5 32.f3 Rc4 33.Qf2 R8c7 34.c3 Qc8 35.Rc2 Kh7 36.Qg1 Kg8
37.Qh1 Rd7 38.Qa1 Rcc7 39.Rca2 Kh8 40.Nf4 Kh7 41.Qf1 Rc4 42.Qa1 Rcc7 43.Ra6 Rb7
44.R2a3 Rbc7 45.Qf1 Rc4 46.Qa1 Rcc7 47.Qa2 Rf7 48.Qc2 Qd8 49.Ke3 Qe8 50.Qb2 Rc4
51.Qa1 Rcc7 52.Kd2 Qb8 53.Nd3 Rfe7 54.b5 Qe8 55.Rxa7 Qxh5 56.Ra8 Qh2 57.Qf1 Rf7
58.Qe2 Rb7 59.Rc8 Ra7 60.Ra6 Qh1 61.Ne1 Rab7 62.Rc6 Qg1 63.Rcxb6 Rbe7 64.Qe3 Qf1
65.Qe2 Qg1 66.Ra4 Rc7 67.Rba6 Qh2 68.Nd3 Qg3 69.Qf2 Qh2 70.Qe2 Qg3 71.Nc5 Qf4+
72.Qe3 Qg3 73.Qe2 Qf4+ 74.Kc2 Rce7 75.b6 Rf8 76.Ra8 Ree8 77.b7  1-0

[Event "300 Years"]
[Site "St Petersburg RUS"]
[Date "2003.10.20"]
[Round "3"]
[White "Loukachouk,A"]
[Black "Kim,Alex"]
[Result "0-1"]
[WhiteElo "2256"]
[BlackElo "2439"]

1.e4 e6 2.d4 d5 3.Nc3 Bb4 4.e5 b6 5.Bd2 Qd7 6.Qg4 Bf8 7.Bb5 c6 8.Ba4 Ne7
9.f4 Nf5 10.Nce2 g6 11.Nh3 b5 12.Bb3 c5 13.dxc5 Bxc5 14.Nf2 Nc6 15.O-O Bb7
16.Kh1 Rc8 17.Qh3 Be7 18.Rad1 Qc7 19.Be1 h5 20.Nd3 Kf8 21.Bf2 Kg7 22.Ng3 Nh6
23.Bc5 Bxc5 24.Nxc5 Ng4 25.Nge4 dxe4 26.Rd7 Qxd7 27.Nxd7 e3 28.Qh4 Nd4 29.h3 e2
30.Re1 Nf5 31.Qg5 Nf2+  0-1

[Event "300 Years"]
[Site "St Petersburg RUS"]
[Date "2003.10.20"]
[Round "3"]
[White "Kosintseva,T"]
[Black "Potkin,V"]
[Result "1/2-1/2"]
[WhiteElo "2449"]
[BlackElo "2534"]

1.e4 e6 2.d4 d5 3.Nc3 Bb4 4.e5 Ne7 5.a3 Bxc3+ 6.bxc3 c5 7.h4 Qc7 8.Nf3 h6
9.h5 b6 10.Bb5+ Bd7 11.Bd3 Nbc6 12.Kf1 c4 13.Be2 f6 14.Bf4 O-O-O 15.Qc1 g5
16.exf6 gxf4 17.fxe7 Rdg8 18.Rh4 Be8 19.Qxf4 Qxf4 20.Rxf4 Bxh5 21.Rf6 Bg4
22.Ne5 Bxe2+ 23.Kxe2 Nxe5 24.dxe5 Kd7 25.Rh1 Kxe7 26.Rhxh6 Rxh6 27.Rxh6 Rxg2
28.Rh7+ Kd8 29.Rxa7 Rg4 30.f3 Rg2+ 31.Kd1 Rf2 32.Rf7 b5 33.f4 Ke8 34.Rf6 Ke7
35.Kc1 Rf1+ 36.Kd2 Rf2+ 37.Kd1 Rf3 38.Kd2 Rf2+ 39.Kd1 Rf3  1/2-1/2

[Event "LXVIII ch-ESP Gp B"]
[Site "Burgos ESP"]
[Date "2003.10.27"]
[Round "4"]
[White "Rodriguez Guerrero,E"]
[Black "Arizmendi Martinez,J"]
[Result "0-1"]
[WhiteElo "2485"]
[BlackElo "2521"]

1.e4 e6 2.d4 d5 3.Nc3 Bb4 4.e5 Ne7 5.a3 Bxc3+ 6.bxc3 c5 7.Qg4 Nf5 8.Bd3 h5
9.Qf4 Qc7 10.dxc5 Ne7 11.Nf3 Nd7 12.O-O Nxc5 13.a4 Ne4 14.Bxe4 dxe4 15.Qxe4 Bd7
16.Nd4 Nd5 17.Nb5 Bxb5 18.axb5 Nxc3 19.Qb4 Nd5 20.Qd4 O-O 21.c4 Nb6 22.c5 Nd5
23.f4 Rfd8 24.Ba3 Ne7 25.Qe4 Nf5 26.Kh1 Rd5 27.Qf3 g6 28.Qb3 Rad8 29.Qa4 Rd2
30.Bb4 R2d4 31.Qb3 Qd7 32.Ba5 Rc8 33.Bc3 Rd5 34.Rfd1 Rcxc5 35.Rxd5 Rxd5 36.b6 axb6
37.Be1 Rd3 38.Ra8+ Kh7 39.Qa3 Rxa3  0-1

[Event "LXVIII ch-ESP Abierto"]
[Site "Burgos ESP"]
[Date "2003.10.30"]
[Round "7"]
[White "Colas Longares,R"]
[Black "Aguera Naredo,J"]
[Result "0-1"]
[WhiteElo "2337"]
[BlackElo "2376"]

1.e4 e6 2.d4 d5 3.Nc3 Bb4 4.e5 Ne7 5.a3 Bxc3+ 6.bxc3 c5 7.Nf3 Qa5 8.Bd2 Nbc6
9.a4 Bd7 10.Bd3 c4 11.Be2 f6 12.exf6 gxf6 13.O-O O-O-O 14.Re1 Rdg8 15.Bf1 h5
16.Ra3 Nf5 17.Bf4 Rg4 18.Qd2 Nce7 19.h3 Rg7 20.Bh2 Ng6 21.Kh1 Qd8 22.Raa1 Qe8
23.Qc1 Qe7 24.Qb2 Bc6 25.Qb4 Re8 26.a5 Nh8 27.Re2 Nf7 28.Rae1 Qxb4 29.cxb4 Kd7
30.c3 N7d6 31.Nd2 Ne4 32.Nxe4 dxe4 33.Bf4 Reg8 34.Kh2 Nh4 35.Bg3 Ng6 36.Kh1 f5
37.Be5 Nxe5 38.dxe5 Bd5 39.Rd2 Kc6 40.b5+ Kxb5 41.Rd4 Kc5  0-1

[Event "WYb14"]
[Site "Halkidiki GRE"]
[Date "2003.10.30"]
[Round "8"]
[White "Melkumyan,H"]
[Black "Azaladze,S"]
[Result "1-0"]
[WhiteElo "2343"]
[BlackElo "2224"]

1.e4 e6 2.d4 d5 3.Nc3 Bb4 4.e5 b6 5.Bd2 Qd7 6.Nce2 Bf8 7.Nf3 Ba6 8.Nf4 Bxf1
9.Kxf1 Nc6 10.g3 O-O-O 11.Kg2 h5 12.h4 Nge7 13.Qe2 Nf5 14.c3 Na5 15.a4 g6
16.Nh3 Kb7 17.Bg5 Rc8 18.Bf6 Rg8 19.b4 Nc4 20.Rhb1 Bh6 21.Bg5 Bg7 22.Nf4 a6
23.Nd3 Ka7 24.a5 b5 25.Rh1 Rh8 26.Raf1 Bh6 27.Nc5 Qe8 28.Bf6 Bg7 29.Bxg7 Nxg7
30.Ng5 Nf5 31.Rd1 c6 32.Qf3 Qe7 33.Qf4 Rh6 34.Rde1 Rch8 35.Kf1 Qe8 36.Ke2 Qe7
37.Kd1 Qe8 38.Kc2 Qe7 39.Re2 Qe8 40.Kb3 Qe7 41.f3 Qe8 42.Ka2 Qe7 43.Reh2 Qe8
44.g4 hxg4 45.fxg4 Rxh4 46.Rxh4 Rxh4 47.Rxh4 Nxh4 48.Qf2 Nf5 49.gxf5 gxf5
50.Qh4 Qe7 51.Qh7 f4 52.Qg8 Qc7 53.Nd3 c5 54.Nxc5 Nd2 55.Nxf7 Ne4 56.Nd6 Nxc5
57.dxc5 f3 58.Nc8+ Kb7 59.Nb6  1-0

[Event "18th Open"]
[Site "Le Touquet FRA"]
[Date "2003.10.31"]
[Round "8"]
[White "Olivier,JC"]
[Black "Farago,I"]
[Result "0-1"]
[WhiteElo "2398"]
[BlackElo "2485"]

1.e4 e6 2.d4 d5 3.Nc3 Bb4 4.e5 Ne7 5.a3 Bxc3+ 6.bxc3 c5 7.Qg4 O-O 8.Nf3 Qa5
9.Bd2 Nbc6 10.Bd3 f5 11.Qg3 b6 12.h4 Qa4 13.h5 c4 14.Be2 f4 15.Bxf4 Qxc2
16.Bd2 Qb2 17.Rc1 Nf5 18.Qh3 Na5 19.h6 g6 20.Bd1 Nb3 21.Rc2 Qxa3 22.Bg5 Bd7
23.O-O Ba4 24.Bf6 Na5 25.Ng5 Bxc2 26.Bxc2 Rae8 27.g4 Nxd4 28.Bxg6 Re7 29.Bxe7 Qxe7
30.Bxh7+ Kh8 31.cxd4 Qxg5 32.Bb1 Rf4 33.f3 Nc6 34.Kg2 Nxd4 35.h7 Nc6 36.Qg3 Nxe5
37.Qe1 Nxg4 38.Qxe6 Ne5+ 39.Kf2 Rxf3+ 40.Ke2 Qe3+ 41.Kd1 Rxf1+  0-1

[Event "Autumn"]
[Site "Venice ITA"]
[Date "2003.11.01"]
[Round "3"]
[White "Solinas,C"]
[Black "Cristiani,C"]
[Result "0-1"]
[WhiteElo "2065"]
[BlackElo "2137"]

1.e4 e6 2.d4 d5 3.Nc3 Bb4 4.e5 b6 5.a3 Bf8 6.Nf3 Qd7 7.b4 a6 8.Be3 Ne7 9.Bd3 g6
10.Qd2 h5 11.h4 Nf5 12.Bxf5 exf5 13.e6 fxe6 14.Ne5 Qg7 15.Rh3 Nd7 16.Bf4 Bd6
17.Qe3 Nxe5 18.dxe5 Be7 19.Ne2 Bd7 20.c4 c5 21.cxd5 exd5 22.Rd1 Be6 23.bxc5 bxc5
24.Bg5 Bxg5 25.Qxg5 d4 26.Nf4 Kf7 27.Rg3 Rhg8 28.Kf1 Rab8 29.Nxh5 Qxe5 30.Nf4 Qf6
31.Nxe6 Kxe6 32.Qc1 Kd6 33.Qc4 Qxh4 34.Qxa6+ Kd5  0-1

[Event "WYb18"]
[Site "Halkidiki GRE"]
[Date "2003.11.02"]
[Round "11"]
[White "Palekha,A"]
[Black "Seifert,V"]
[Result "1-0"]
[WhiteElo "2439"]
[BlackElo "2337"]

1.e4 e6 2.d4 d5 3.Nc3 Bb4 4.e5 Ne7 5.Bd2 b6 6.Nf3 Bxc3 7.Bxc3 a5 8.h4 Ba6
9.Bxa6 Nxa6 10.h5 h6 11.Qe2 Qc8 12.Rh4 Nb8 13.Rg4 Nf5 14.Nh4 Nxh4 15.Rxh4 Qa6
16.Qg4 Rg8 17.f4 Nc6 18.f5 exf5 19.Qxf5 Nd8 20.e6 fxe6 21.Qh7 Rf8 22.O-O-O Qe2
23.Qg6+ Rf7 24.Rf4 Kf8 25.Rxf7+ Nxf7 26.Re1 Qf2 27.Qxe6 Qxg2 28.Qe7+ Kg8
29.Qxc7 Rf8 30.Qxb6 Qg5+ 31.Kb1 Qxh5 32.Bxa5 Ng5 33.Bb4 Rf5 34.a4 Ne4 35.a5 Rf6
36.Qb7 Qf7 37.Qxf7+ Kxf7 38.c4 Nd6 39.Bxd6 Rxd6 40.c5 Ra6 41.b4 g5 42.Kb2 g4
43.Kb3 h5 44.Ka4 g3 45.b5 Ra8 46.b6  1-0

[Event "Curacao Open"]
[Site "Willemstad AHO"]
[Date "2003.11.02"]
[Round "8"]
[White "Van der Weide,K"]
[Black "Huebner,R"]
[Result "1/2-1/2"]
[WhiteElo "2427"]
[BlackElo "2604"]

1.e4 e6 2.d4 d5 3.Nc3 Bb4 4.e5 Ne7 5.a3 Bxc3+ 6.bxc3 c5 7.Qg4 O-O 8.Bd3 f5
9.exf6 Rxf6 10.Bg5 Rf7 11.Qh4 h6 12.Bxe7 Rxe7 13.Nf3 Nc6 14.O-O c4 15.Bg6 Bd7
16.Bh5 Be8 17.Bg4 Bg6 18.Rfe1 Qd6 19.Re2 Rae8 20.Rae1 Qxa3 21.Bxe6+ Kh8 22.Qg4 Bh7
23.Re3 Qd6 24.h4 a5 25.Qh3 a4 26.Bd7 Rxe3 27.fxe3 Rf8 28.Bxc6 bxc6 29.Ne5 Bxc2
30.Re2 Be4 31.Rb2 a3 32.Rb7 a2 33.Ra7 Qb8 34.Qd7 Rg8 35.Kh2 Qb2 36.Qg4 Kh7
37.h5 Kh8 38.Nf7+ Kh7 39.Ne5  1/2-1/2

[Event "1st GM"]
[Site "Nagykanizsa HUN"]
[Date "2003.11.07"]
[Round "3"]
[White "Timoshenko,G"]
[Black "Farago,I"]
[Result "1-0"]
[WhiteElo "2548"]
[BlackElo "2485"]

1.e4 e6 2.d4 d5 3.Nc3 Bb4 4.e5 Ne7 5.a3 Bxc3+ 6.bxc3 c5 7.Qg4 O-O 8.Bd3 Qa5
9.Bd2 Nbc6 10.Nf3 f5 11.exf6 Rxf6 12.Qh5 Nf5 13.g4 c4 14.gxf5 cxd3 15.Rg1 Bd7
16.Qg5 Rf7 17.f6 Qd8 18.Ne5 Nxe5 19.dxe5 dxc2 20.Be3 Rc8 21.Kd2 Ba4 22.Bd4 Rc4
23.Qe3 Kh8 24.Rg4 Qf8 25.h4 b6 26.h5 Bb3 27.f4 Ra4 28.f5 exf5 29.Rxg7 Rxg7
30.fxg7+ Qxg7 31.e6 Rxd4+ 32.cxd4 Ba4 33.e7 Qg2+ 34.Kc3 Qe4 35.Qxe4 dxe4
36.Rg1 h6 37.d5 f4 38.Kd4 f3 39.Ke3  1-0

[Event "ch-UKR"]
[Site "Simferopol UKR"]
[Date "2003.11.07"]
[Round "4"]
[White "Tarlev,K"]
[Black "Sumets,A"]
[Result "1/2-1/2"]
[WhiteElo "2341"]
[BlackElo "2467"]

1.e4 e6 2.d4 d5 3.Nc3 Bb4 4.e5 Ne7 5.a3 Bxc3+ 6.bxc3 b6 7.Qg4 Ng6 8.Bg5 Qd7
9.Ne2 Qa4 10.Ng3 Nxe5 11.Qd1 Ng6 12.Nh5 O-O 13.Bf6  1/2-1/2

[Event "ch-UKR"]
[Site "Simferopol UKR"]
[Date "2003.11.09"]
[Round "6"]
[White "Tarlev,K"]
[Black "Vysochin,S"]
[Result "0-1"]
[WhiteElo "2341"]
[BlackElo "2584"]

1.e4 e6 2.d4 d5 3.Nc3 Bb4 4.e5 Ne7 5.a3 Bxc3+ 6.bxc3 c5 7.Nf3 b6 8.Bb5+ Bd7
9.Be2 Ba4 10.Ng5 h6 11.Nh3 cxd4 12.cxd4 Qc7 13.O-O Bxc2 14.Bb5+ Kf8 15.Qd2 Bf5
16.Nf4 Nbc6 17.a4 Na5 18.Ba3 Kg8 19.Qd1 Nc4 20.Rc1 Qd8 21.Bxe7 Qxe7 22.Bxc4 dxc4
23.d5 exd5 24.Nxd5 Qc5 25.Qf3 Re8 26.Nxb6 Be6 27.Nxc4 Bxc4 28.Qe4 Bd5 29.Qd3 Qa5
30.f4 g6 31.f5 gxf5 32.Rxf5 Rh7  0-1

[Event "ch-UKR"]
[Site "Simferopol UKR"]
[Date "2003.11.09"]
[Round "6"]
[White "Efimenko,Z"]
[Black "Nosenko,A"]
[Result "1-0"]
[WhiteElo "2547"]
[BlackElo "2505"]

1.e4 e6 2.d4 d5 3.Nc3 Bb4 4.e5 b6 5.a3 Bf8 6.Nf3 Ne7 7.h4 h5 8.Bg5 Ba6 9.Bxa6 Nxa6
10.Qd3 Qc8 11.O-O Nb8 12.Rac1 c6 13.Ne2 Nd7 14.c4 Qb7 15.Nf4 dxc4 16.Rxc4 b5
17.Rc2 Nb6 18.Rfc1 Rc8 19.Nd2 Ned5 20.Nxd5 Nxd5 21.Ne4 a6 22.Qf3 Qb6 23.Ng3 Qxd4
24.Rxc6 Rxc6 25.Rxc6 Qxe5 26.Rc8+ Kd7 27.Rd8+ Kc6 28.Qxf7  1-0

[Event "TCh-SLO"]
[Site "Celje SLO"]
[Date "2003.11.20"]
[Round "5"]
[White "Srebrnic,M"]
[Black "Farago,I"]
[Result "0-1"]
[WhiteElo "2224"]
[BlackElo "2485"]

1.e4 e6 2.d4 d5 3.Nc3 Bb4 4.e5 Ne7 5.a3 Bxc3+ 6.bxc3 c5 7.Nf3 Qa5 8.Bd2 Nbc6
9.a4 Bd7 10.Bb5 a6 11.Bd3 c4 12.Bf1 O-O-O 13.g3 h6 14.Bg2 Kb8 15.O-O Nc8
16.Qc1 Ka8 17.h4 Nb6 18.Qb2 Na7 19.Rfb1 Nac8 20.Nh2 Bc6 21.h5 Nxa4 22.Qa3 Qc7
23.Ng4 Qe7 24.Qc1 b5 25.Qe1 Bb7 26.Qe2 Na7 27.Rf1 Nc6 28.f4 Qd7 29.Bh3 Ne7
30.Ne3 f5 31.exf6 gxf6 32.Rae1 f5 33.Ng2 Bc8 34.Nh4 Rdg8 35.Qf3 Rg7 36.Kh2 Rhg8
37.Rg1 Qe8 38.Bc1 Rg4 39.Bxg4 Rxg4 40.Ng6 Nxg6 41.hxg6 Qxg6 42.Ba3 Qf6 43.Kg2 h5
44.Rh1 h4 45.Rxh4 Qxh4 46.Rh1 Qf6 47.Rh7 Bb7  0-1

[Event "Open"]
[Site "Santo Domingo DOM"]
[Date "2003.11.28"]
[Round "2"]
[White "Alekseev,E"]
[Black "Kniest,O"]
[Result "1-0"]
[WhiteElo "2613"]
[BlackElo "2294"]

1.e4 e6 2.d4 d5 3.Nc3 Bb4 4.e5 Ne7 5.a3 Bxc3+ 6.bxc3 c5 7.Nf3 Bd7 8.h4 Ba4
9.h5 h6 10.Bd3 c4 11.Be2 Nbc6 12.O-O Kd7 13.Nh4 Qg8 14.f4 Qh7 15.f5 Kc7 16.Bg4 Raf8
17.Ra2 Nd8 18.Qe1 Kb8 19.Bh3 Ka8 20.Rf2 Bd7 21.f6 Nc8 22.a4 a5 23.fxg7 Qxg7
24.Rf6 Nb6 25.Nf3 Nxa4 26.Nh2 Rh7 27.Ng4 Rfh8 28.Rf4 Bc6 29.Nf6 b5 30.Rg4 Qf8
31.Ba3  1-0

[Event "TCh-BEL 2003-4"]
[Site "Belgium BEL"]
[Date "2003.12.08"]
[Round "4"]
[White "Vrenegoor,T"]
[Black "Motwani,P"]
[Result "1/2-1/2"]
[WhiteElo "2363"]
[BlackElo "2536"]

1.e4 e6 2.d4 d5 3.Nc3 Bb4 4.e5 Ne7 5.Bd2 b6 6.Nf3 Qd7 7.Be2 Ba6 8.Bxa6 Nxa6
9.Qe2 Nb8 10.Nd1 Bxd2+ 11.Qxd2 Nbc6 12.O-O f6 13.Re1 Ng6 14.exf6 gxf6 15.Qe3 Kf7
16.Qh6 e5 17.dxe5 Ncxe5 18.Nxe5+ fxe5 19.Ne3 d4 20.Nc4 Qf5 21.Nd2 Qf4  1/2-1/2

[Event "22nd SEA Games Standard"]
[Site "Ho Chi Minh City VIE"]
[Date "2003.12.09"]
[Round "3"]
[White "Wong Zi Jing"]
[Black "Kyaw Kyaw Soe"]
[Result "1-0"]
[WhiteElo "2311"]
[BlackElo "2376"]

1.e4 e6 2.d4 d5 3.Nc3 Bb4 4.e5 b6 5.a3 Bf8 6.Nf3 Qd7 7.Be2 Ba6 8.Bxa6 Nxa6
9.Qd3 Nb8 10.O-O c5 11.Ne2 c4 12.Qe3 Ne7 13.Ng3 Nbc6 14.Bd2 g6 15.b3 cxb3
16.Qxb3 Bg7 17.Rac1 O-O 18.c4 dxc4 19.Rxc4 b5 20.Qxb5 Nxe5 21.Qxd7 Nxd7 22.Rc7 Rfd8
23.Ne4 Nd5 24.Rb7 N7b6 25.Rc1 Rdb8 26.Rxb8+ Rxb8 27.Ne5 Rc8 28.Nc6 Ra8 29.Kf1 Bf8
30.Nc5 Kg7 31.Ke2 Bd6 32.g3 Kf8 33.Kd3 Ke8 34.Be3 a6 35.Nb4 a5 36.Nxd5 Nxd5
37.Rb1 Ra7 38.a4 Kd8 39.Kc4 Kc7 40.Bd2 Kc6 41.Rb5 Bc7 42.Kb3 Bb6 43.Kc4 Bc7
44.Kd3 Nb6 45.Rxa5 Rxa5 46.Bxa5 Nxa4 47.Bxc7 Nxc5+ 48.dxc5 Kxc7 49.Kc4 f6
50.g4 Kc6 51.Kd4 h6 52.h4 Kb5 53.g5 hxg5 54.hxg5 f5 55.Ke5 Kxc5 56.Kxe6 Kd4
57.Kf6 Ke4 58.Kxg6 Kf4 59.Kf6 Ke4  1-0

[Event "FSIM December"]
[Site "Budapest HUN"]
[Date "2003.12.10"]
[Round "5"]
[White "Humphrey,J"]
[Black "Fodor,T jr"]
[Result "0-1"]
[WhiteElo "2217"]
[BlackElo "2137"]

1.e4 e6 2.d4 d5 3.Nc3 Bb4 4.e5 b6 5.a3 Bf8 6.Bb5+ c6 7.Ba4 Ba6 8.Nce2 g6
9.Nf3 Bg7 10.O-O Ne7 11.Re1 O-O 12.Ng3 c5 13.c3 Qc7 14.Be3 Nbc6 15.b4 cxb4
16.cxb4 Bc4 17.Bxc6 Nxc6 18.Qd2 Rfb8 19.Bh6 Qe7 20.Rab1 b5 21.h3 a5 22.Nh2 Bxh6
23.Qxh6 Qf8 24.Qh4 axb4 25.Ng4 Qg7 26.axb4 Ra3 27.Nf6+ Kh8 28.Re3 Rba8 29.Qf4 R3a7
30.Ngh5 g5 31.Qg4 Qg6 32.Rb2 Ra1+ 33.Kh2 Rc1 34.Ng3 Raa1 35.Rd2 h6 36.Rf3 Ne7
37.Nfh5 Ng8 38.Nf6 Qb1 39.Nxg8 Rh1+ 40.Nxh1 Qxh1+ 41.Kg3 Rg1  0-1

[Event "Lindsborg Open"]
[Site "Kansas USA"]
[Date "2003.12.20"]
[Round "3"]
[White "Perelshteyn,E"]
[Black "Sharavdorj,D"]
[Result "1/2-1/2"]
[WhiteElo "2488"]
[BlackElo "2411"]

1.e4 e6 2.d4 d5 3.Nc3 Bb4 4.e5 Ne7 5.Bd2 b6 6.Nce2 Bxd2+ 7.Qxd2 c5 8.c3 Ba6
9.h4 h5 10.Nf3 Nf5 11.Nf4 Bxf1 12.Kxf1 Nc6 13.g3 Qd7 14.Kg2 g6 15.b4 c4 16.a4 a5
17.b5 Nd8 18.Ng5 Qc7 19.Kf1 Nb7 20.Qb2 O-O-O 21.Qa3 Qd7 22.Re1 Rdg8 23.Ke2 Nd8
24.Kd2 Rh6 25.Kc2 Rgh8 26.Kb2 Rg8 27.Ka2 Rgh8 28.Qb2 Rg8 29.Qd2 Rgh8 30.Ng2 Rg8
31.Qf4 Rhh8 32.Ne3 Qc7 33.Qf3 Qe7 34.Rh3 Kb8 35.Reh1 Ka7 36.Qf4 Nh6 37.g4 Rf8
38.Rf3 hxg4 39.Nxg4 Nxg4 40.Qxg4 f6 41.exf6 Rxf6  1/2-1/2